000 00622nam a2200193Ia 4500
005 20250609131017.0
008 008 250516s9999 xx 000 0 eng d
020 _a9781009069236
040 _beng
_cSDCL
041 _aeng
_2eng
084 _aW:2.1'P R2
100 _aGregorio, Giovanni De
_9809878
245 0 _aDigital constitutionalism in Europe :
_bReframing rights and powers in the algorithmic society
260 _aNew Delhi :
_bCambridge University Press,
_c2022.
300 _axvi, 366p.
490 _aCambridge Studies in European Law and Policy
650 _aPolitical Science
942 _cTEXL
_2CC
999 _c1430085
_d1430085